[Event "U16 Olympiad"]
[Site "Mersin TUR"]
[Date "2008.08.24"]
[Round "10"]
[White "Rigopoulos Tsigkos,A"]
[Black "Arig,B"]
[Result "1-0"]
[WhiteElo "2018"]
[BlackElo "1787"]

1.e4 c5 2.c3 Nf6 3.e5 Nd5 4.d4 cxd4 5.Nf3 Nc6 6.Bc4 Nb6 7.Bb3 d6 8.cxd4 dxe5
9.d5 Nb4 10.Nc3 Bg4 11.a3 e4 12.axb4 exf3 13.gxf3 Bf5 14.Bf4 Qd7 15.Qd4 Qd8
16.O-O f6 17.Rfe1 g5 18.Qxf6 gxf4 19.Qxf5 Rg8+ 20.Kh1 Qd7 21.Re6 O-O-O 22.Rxa7 Kb8
23.Ra5 Qc7 24.Rc5 Qd7 25.Qxf4+  1-0

[Event "Jessie Gilbert Celebration Int"]
[Site "Coulsdon ENG"]
[Date "2008.08.25"]
[Round "10"]
[White "Hodgson,Jo"]
[Black "Snape,I"]
[Result "1/2-1/2"]
[WhiteElo "2208"]
[BlackElo "2204"]

1.e4 c5 2.c3 Nf6 3.e5 Nd5 4.d4 cxd4 5.Nf3 Nc6 6.cxd4 d6 7.Bc4 e6 8.O-O Be7
9.a3 O-O 10.Re1 Bd7 11.Bd2 Rc8 12.Nc3 dxe5 13.dxe5 Ncb4 14.Bf1 Nxc3 15.Bxc3 Nd5
16.Bd4 Bc5 17.Rc1 Bxd4 18.Qxd4 Qb6 19.Qxb6 Nxb6 20.Nd2 Rxc1 21.Rxc1 Bc6 22.Nc4 Nxc4
23.Bxc4 Rd8 24.Bb3 Kf8 25.Rd1 Ke7 26.Rxd8 Kxd8 27.f4 Kc7 28.Kf2 Kb6 29.g4 Kc5
30.Ke3 b5 31.Ba2 a5 32.f5 Bd7 33.g5 g6 34.f6 Be8  1/2-1/2

[Event "TCh-MNE Premier"]
[Site "Herceg Novi MNE"]
[Date "2008.08.25"]
[Round "1"]
[White "Savic,Miod1"]
[Black "Djukic,Ni"]
[Result "1/2-1/2"]
[WhiteElo "2519"]
[BlackElo "2545"]

1.e4 c5 2.c3 Nf6 3.e5 Nd5 4.Nf3 Nc6 5.d4 cxd4 6.Bc4 Nb6 7.Bb3 g6 8.cxd4 Bg7
9.O-O O-O 10.h3 d6 11.Qe2 Na5 12.Bc2 Be6 13.Re1 Rc8 14.Nc3 Qd7 15.Bg5 Rfe8
16.Rad1 Nd5 17.Nxd5 Bxd5 18.Bb1 Nc6 19.Bf4 Nd8 20.Ng5 Ne6 21.Nxe6 Qxe6 22.exd6 exd6
23.Qxe6 Rxe6 24.Rxe6  1/2-1/2

[Event "28th Open"]
[Site "Bratto ITA"]
[Date "2008.08.26"]
[Round "5"]
[White "Guido,F"]
[Black "Simutowe,A"]
[Result "0-1"]
[WhiteElo "2356"]
[BlackElo "2459"]

1.e4 c5 2.c3 Nf6 3.e5 Nd5 4.d4 cxd4 5.Nf3 e6 6.cxd4 d6 7.Bc4 Nc6 8.O-O Nb6
9.Bb3 dxe5 10.dxe5 Qxd1 11.Rxd1 Bd7 12.Nc3 Na5 13.Bc2 Be7 14.Ne4 O-O 15.b3 Rac8
16.Bd3 Nd5 17.Bd2 Nc6 18.a3 Rfd8 19.b4 Be8 20.Rac1 a6 21.Bb1 Rc7 22.h3 Rcd7
23.Bc2 Nb6 24.Bb3 Nd4 25.Nxd4 Rxd4 26.f3 Bc6 27.Bc3 Rxd1+ 28.Rxd1 Bxe4 29.fxe4 Rxd1+
30.Bxd1 Bd8 31.Be2 Nd7 32.b5 a5 33.Kf2 b6 34.Bd4 Bc7 35.Ke3 Bxe5 36.Bc4 Kf8
37.Kd3 Ke7 38.Be3 Bb2 39.a4 Ne5+  0-1

[Event "44th Rubinstein Mem Open A"]
[Site "Polanica Zdroj POL"]
[Date "2008.08.26"]
[Round "8"]
[White "Bugalski,M"]
[Black "Wcislo,D"]
[Result "1/2-1/2"]
[WhiteElo "2279"]
[BlackElo "2216"]

1.e4 c5 2.c3 Nf6 3.e5 Nd5 4.d4 cxd4 5.Nf3 e6 6.cxd4 b6 7.Nc3 Nxc3 8.bxc3 Qc7
9.Bd2 Bb7 10.Bd3 d6 11.O-O Nd7 12.Re1 dxe5 13.Nxe5 Nxe5 14.Rxe5 Bd6 15.Bb5+ Bc6
16.Qf3 O-O-O 17.Bxc6 Bxe5 18.a4 Rd6 19.Be4 f5 20.Bd3 Rhd8 21.Bg5 Bf6 22.Bf4 Qc6
23.Qe2 g5 24.Bb5 Qc7 25.Bxd6 Rxd6 26.Qf3 g4 27.Qd3 Kb8 28.Re1 e5 29.Qxf5 Qxc3
30.Re3 Qc1+ 31.Bf1 exd4 32.Qf4 Qc7 33.Re8+ Bd8 34.Bd3 Rd5 35.Qe4 Rd6 36.Qf4 h5
37.g3 Rd5 38.Qe4 Rd7 39.h4 gxh3 40.Kh2 Re7 41.Rxe7 Bxe7 42.Qxd4 h4 43.Be4 hxg3+
44.fxg3 Qd6  1/2-1/2

[Event "16th Nikea Open"]
[Site "Athens GRE"]
[Date "2008.08.28"]
[Round "4"]
[White "Atanasov,R"]
[Black "Georgilakis,K"]
[Result "1-0"]
[WhiteElo "2232"]
[BlackElo "2065"]

1.e4 c5 2.c3 Nf6 3.e5 Nd5 4.d4 cxd4 5.Nf3 Nc6 6.cxd4 d6 7.Bc4 Nb6 8.Bb5 dxe5
9.Nxe5 Bd7 10.Nxd7 Qxd7 11.O-O e6 12.Qg4 h5 13.Qe2 Be7 14.Nc3 Nd5 15.Be3 g6
16.Ne4 O-O 17.Rad1 a6 18.Ba4 Nb6 19.Bb3 Rfd8 20.Nc5 Qc8 21.Qf3 Nd5 22.Bh6 Nxd4
23.Rxd4 Qxc5 24.Rfd1 Nf6 25.Qxb7 Ng4 26.Be3 Nxe3 27.fxe3 a5 28.Qf3 Rab8 29.Rf1 f5
30.Bxe6+ Kg7 31.Qf2 Qe5 32.Bb3 Bc5 33.Rfd1 Bxd4 34.exd4 Qf6 35.Qf4 Qd6 36.Qd2 Rb4
37.d5 Qc5+ 38.Kh1 a4 39.Rc1 Qd6 40.Qc3+ Kh7 41.Bc4 Rc8 42.b3 axb3 43.axb3 Rb7
44.Rd1 Re7 45.h3 Rb8 46.Ra1 Qb4 47.Qg3 Rd8 48.Rd1 Qd6 49.Qg5 Rde8 50.Qd2 Qg3
51.Kg1 f4 52.Bf1 f3 53.Qf2 Qxf2+ 54.Kxf2 fxg2 55.Kxg2 Rd8 56.Bc4 Rb7 57.Kf3 Kg7
58.Ke4 Rb6 59.Ke5 Re8+ 60.Kd4 Rd8 61.Kc5 Rbd6 62.Bb5 g5 63.b4 Kg6 64.Rd4 Rf6
65.Bd3+ Kf7 66.d6 Rb8 67.Be4 Rf1 68.Bd5+ Ke8 69.b5 Rc1+ 70.Bc4 Kd7 71.b6 Rb1
72.Bb5+ Kd8 73.d7 Rc1+ 74.Bc4 Rxc4+ 75.Rxc4 Kxd7 76.Rd4+ Ke6 77.Kc6 Rc8+
78.Kb5 Ke5 79.Rb4 Kd6 80.b7 Rg8 81.Ka6 Ke5 82.b8=Q+ Rxb8 83.Rxb8 Kf4 84.Rh8 h4
85.Rb8 g4 86.Rb4+ Kg3 87.hxg4 h3 88.g5 h2 89.Rb1 Kf4 90.g6  1-0

[Event "X Sants Open"]
[Site "Barcelona ESP"]
[Date "2008.08.28"]
[Round "7"]
[White "Cuartas,Ja"]
[Black "Almeida Quintana,O"]
[Result "1/2-1/2"]
[WhiteElo "2495"]
[BlackElo "2524"]

1.e4 c5 2.c3 Nf6 3.e5 Nd5 4.d4 cxd4 5.Nf3 Nc6 6.cxd4 d6 7.Bc4 Nb6 8.Bb5 Bd7
9.Nc3 e6 10.O-O a6 11.Be2 dxe5 12.dxe5 Be7 13.a3 Qc7 14.Bf4 Rd8 15.Qc2 g5
16.Nxg5 Nd4 17.Qd3 Bc6 18.Nge4 Rg8 19.f3 Nd5 20.Nd6+ Bxd6 21.exd6 Nxe2+ 22.Nxe2 Qb6+
23.Kh1 Qxb2 24.Rab1 Nxf4 25.Nxf4 Qe5 26.Qxh7 Rg7 27.Qh8+ Kd7 28.Qh4 Qg5  1/2-1/2

[Event "X Sants Open"]
[Site "Barcelona ESP"]
[Date "2008.08.28"]
[Round "7"]
[White "Narciso Dublan,M"]
[Black "Rubio Mejia,L"]
[Result "1/2-1/2"]
[WhiteElo "2525"]
[BlackElo "2386"]

1.e4 c5 2.c3 Nf6 3.e5 Nd5 4.Nf3 e6 5.Bc4 Nb6 6.Bb3 d6 7.exd6 Bxd6 8.d4 Nc6
9.dxc5 Bxc5 10.Qxd8+ Nxd8 11.Nbd2 Bd7 12.Ne4 Be7 13.Bf4 Bc6 14.Bc2 f6 15.Nd6+ Bxd6
16.Bxd6 Nc4 17.O-O-O Nxd6 18.Rxd6 Ke7 19.Rd2 Bxf3 20.gxf3 Nc6 21.f4 f5 22.Re1 Rhf8
23.Rd5 g6 24.Bb3 Rf6 25.Rd3 Rd8 26.Rh3 h5 27.Rhe3 Rd6 28.a4 Nd8 29.Bc4 Rf7
30.Rd1  1/2-1/2

[Event "28th Open"]
[Site "Bratto ITA"]
[Date "2008.08.28"]
[Round "7"]
[White "Tiviakov,S"]
[Black "Leon Hoyos,M"]
[Result "1/2-1/2"]
[WhiteElo "2645"]
[BlackElo "2543"]

1.e4 c5 2.c3 Nf6 3.e5 Nd5 4.g3 d6 5.exd6 e6 6.Bg2 Nc6 7.Nf3 Bxd6 8.d4 O-O
9.O-O b5 10.dxc5 Bxc5 11.a4 bxa4 12.Qxa4 Bb7 13.Nbd2 a5 14.Ne4 Ba7 15.Rd1 f5
16.Neg5 Qb6 17.Nxe6 Qxf2+ 18.Kh1 Rfe8 19.Rf1 Qb6 20.c4 Nf6 21.c5 Qb4 22.Qxb4 Nxb4
23.Nc7 Bxc5 24.Nxa8 Bxa8 25.Ng1 Ne4 26.Rxa5 Nd3 27.Bf3 Ne5 28.Kg2 g5 29.Rxc5 Nxf3
30.Ra5 Nd4 31.Kh3 Bc6 32.Be3 Nc2 33.Ba7 Re6 34.Rfxf5 Rh6+ 35.Kg4 Rxh2 36.Rxg5+ Nxg5
37.Rxg5+ Kf7 38.Ra5 Nb4 39.Bd4 Bd7+ 40.Kf4 Nd3+ 41.Ke3 Nxb2 42.Ra7 Ke8 43.Nf3 Rc2
44.Ng5 Bf5 45.Bf6 Nc4+ 46.Kd4 Nb6 47.g4 Rc4+ 48.Ke5 Nd7+ 49.Kd6 Nxf6 50.gxf5 Ne4+
51.Kd5 Ra4 52.Rxa4 Nc3+ 53.Ke6 Nxa4 54.Ne4 h5 55.Nf6+ Kd8 56.Nxh5 Nc5+ 57.Kd5 Nd3
58.Ke6 Nc5+ 59.Kd5 Nd3 60.Kd6 Ke8 61.Ke6 Nc5+ 62.Kf6 Ne4+ 63.Kg7 Ke7 64.Nf4 Kd6
65.Kg6 Ke5 66.Ne2 Kd6 67.Nd4 Nc5 68.Nb5+ Kc6 69.Nd4+ Kd6 70.Nf3 Nd7 71.Kg7 Kd5
72.Kf7 Ke4 73.Nh4 Ke5 74.Kg6 Kf4 75.Ng2+ Kf3 76.Ne1+ Ke4 77.Kg5 Nf8 78.Kg4 Ke5
79.Nf3+ Kf6 80.Nd2 Nd7 81.Kf4 Nc5  1/2-1/2

[Event "TCh-MNE Premier"]
[Site "Herceg Novi MNE"]
[Date "2008.08.28"]
[Round "4"]
[White "Bujisic,V"]
[Black "Lekic,D"]
[Result "1/2-1/2"]
[WhiteElo "2252"]
[BlackElo "2377"]

1.e4 c5 2.c3 Nf6 3.e5 Nd5 4.d4 cxd4 5.Qxd4 e6 6.Nf3 Nc6 7.Qe4 f5 8.Qe2 Qc7
9.g3 b5 10.Bg2 a5 11.O-O Ba6 12.Re1 Bc5 13.Nh4 O-O 14.Bxd5 exd5 15.Bf4 Qa7
16.a4 b4 17.Qf3 d4 18.cxb4 Nxb4 19.Na3 Bb7 20.Qb3+ Bd5 21.Qd1 d3 22.Qd2 Qb7
23.Rac1 Be7 24.Bg5  1/2-1/2

[Event "TCh-MNE Premier"]
[Site "Herceg Novi MNE"]
[Date "2008.08.29"]
[Round "5"]
[White "Savic,Miod1"]
[Black "Rajkovic,Du"]
[Result "1/2-1/2"]
[WhiteElo "2519"]
[BlackElo "2476"]

1.e4 c5 2.c3 Nf6 3.e5 Nd5 4.Nf3 e6 5.g3 Nc6 6.Bg2 d6 7.exd6 Bxd6 8.O-O O-O
9.d4 cxd4 10.Nxd4 Nxd4 11.Qxd4 Qc7 12.Nd2 Rd8 13.Qc4 Bc5 14.Qe2 b6 15.Ne4 Be7
16.c4 Ba6 17.b3 Nb4 18.Bb2 Bb7 19.Rfd1 h6 20.a3 Nc6 21.Qg4 Bf8 22.Nf6+ Kh8
23.Qh5 Qe7 24.Ng4 Kg8 25.b4 Rxd1+ 26.Rxd1 Rd8 27.Ne3 Rd7 28.Bc3 Nd8 29.Bxb7 Nxb7
30.Qf3 Rxd1+ 31.Qxd1 Qc7 32.Qd4 f6 33.Qe4 Kf7 34.h4 Nd6 35.Qf4 Qc6 36.Be5 Ne8
37.h5 Qa4 38.Bb2 Qb3 39.Qd4 Bd6 40.Kg2 Ke7 41.Qd2 a5 42.Qc2 Qxc2 43.Nxc2 axb4
44.axb4 f5 45.Bd4 Bc7  1/2-1/2

[Event "2nd Open"]
[Site "Urumia IRI"]
[Date "2008.08.29"]
[Round "7"]
[White "Ahmadinia,E"]
[Black "Bagaturov,G"]
[Result "0-1"]
[WhiteElo "2298"]
[BlackElo "2482"]

1.e4 c5 2.c3 Nf6 3.e5 Nd5 4.d4 cxd4 5.Nf3 e6 6.cxd4 d6 7.Bc4 Bd7 8.O-O Bc6
9.Nc3 Nxc3 10.bxc3 Be7 11.exd6 Qxd6 12.Ne5 Nd7 13.Bf4 Nxe5 14.Bxe5 Qd7 15.Bb3 O-O-O
16.Qe2 Bd6 17.Rfd1 Bxe5 18.Qxe5 Qd6 19.Qe3 Kb8 20.c4 Rhe8 21.a4 g5 22.a5 a6
23.Ba4 h6 24.Qb3 Re7 25.Rab1 Rc7 26.Bxc6 Qxc6 27.Rbc1 Rcd7 28.Qe3 Qc5 29.Qf3 Rxd4
30.Rxd4 Qxd4 31.g3 Rd7 32.Qh5 Qd2 33.Rf1 Qxa5 34.Qxh6 Qc5 35.Qf6 Ka7 36.Rb1 g4
37.Qf4 Qd4 38.Qc1 Rc7 39.Rb4 Rd7 40.Rb1 f5 41.c5 Rc7 42.Qh6 Qe4 43.Rc1 Qd5
44.Qf8 Qd7 45.Qf6 Rc6 46.Qb2 Qd3 47.Qb4 Qd5 48.Qe1 Rxc5 49.Qe3 b6 50.Re1 Rc6
51.Qe2 a5  0-1

[Event "130th ch-NY State"]
[Site "Colonie USA"]
[Date "2008.08.31"]
[Round "4"]
[White "Nikolayev,I"]
[Black "Thaler,Mi"]
[Result "1-0"]
[WhiteElo "2316"]
[BlackElo "2149"]

1.e4 c5 2.c3 Nf6 3.e5 Nd5 4.d4 cxd4 5.Nf3 Nc6 6.Bc4 e6 7.cxd4 d6 8.O-O Nb6
9.Bb3 dxe5 10.dxe5 Qxd1 11.Rxd1 a6 12.Nc3 Nd7 13.Bf4 h6 14.h4 Nc5 15.Bc2 b5
16.Rac1 Nb4 17.Bb1 Bb7 18.a3 Nd5 19.Nxd5 Bxd5 20.b4 Na4 21.Rxd5 exd5 22.Rc7 Be7
23.e6 f5 24.Be5 Bf6 25.Bxf6 gxf6 26.Bxf5 Rg8 27.h5 Nb6 28.Bg6+ Kd8 29.Rh7 Nc4
30.Nd4 Ne5 31.Bf5 Ke8 32.f4 Nc4 33.Nc6 Rxg2+ 34.Kxg2 Ne3+ 35.Kf3 Nxf5 36.Rh8+  1-0

[Event "Masters"]
[Site "Trieste ITA"]
[Date "2008.08.31"]
[Round "1"]
[White "Rezzuti,V"]
[Black "Srebrnic,M"]
[Result "0-1"]
[WhiteElo "1990"]
[BlackElo "2313"]

1.e4 c5 2.c3 Nf6 3.e5 Nd5 4.d4 cxd4 5.Nf3 e6 6.cxd4 d6 7.Bd3 Nc6 8.a3 Be7
9.O-O O-O 10.Nbd2 Qc7 11.Ne4 dxe5 12.dxe5 Nxe5 13.Nxe5 Qxe5 14.Re1 Qc7 15.b4 f5
16.Ng5 Bf6 17.Rb1 Nc3 18.Qc2 Qd6 19.Rb3 h6 20.Nh3 Nd5 21.Bc4 Bd7 22.Bxd5 exd5
23.Bf4 Qc6 24.Qd2 d4 25.Rg3 Kh7 26.Be5 Rae8 27.f4 Qd5 28.Rd3 Bxe5 29.fxe5 Rxe5
30.Rd1 Bc6 31.Rxd4 Qf7 32.Rh4 Kg8 33.Rd4 Rfe8 34.Nf4 Re4 35.Rd6 Qe7 36.Kf2 Rxf4+  0-1

[Event "17th CRO-chT 1a"]
[Site "Sibenik CRO"]
[Date "2008.09.02"]
[Round "6"]
[White "Stevic,H"]
[Black "Mihalcisin,A"]
[Result "1/2-1/2"]
[WhiteElo "2588"]
[BlackElo "2529"]

1.e4 c5 2.c3 Nf6 3.e5 Nd5 4.d4 cxd4 5.Nf3 Nc6 6.cxd4 d6 7.Bc4 Nb6 8.Bb5 dxe5
9.Nxe5 Bd7 10.Nxd7 Qxd7 11.Nc3 Rd8 12.Be3 e6 13.O-O Be7 14.Qb3 O-O  1/2-1/2

[Event "17th CRO-chT 1a"]
[Site "Sibenik CRO"]
[Date "2008.09.03"]
[Round "7"]
[White "Sermek,D"]
[Black "Jankovic,A"]
[Result "1/2-1/2"]
[WhiteElo "2509"]
[BlackElo "2532"]

1.e4 c5 2.c3 Nf6 3.e5 Nd5 4.Nf3 Nc6 5.Bc4 e6 6.d4 cxd4 7.cxd4 d6 8.O-O Be7
9.Qe2 O-O 10.Qe4 Bd7 11.Re1 Rc8 12.a3 Na5 13.Ba2 Bb5 14.Qg4 Bd3 15.Bxd5 exd5
16.Nc3 Nb3 17.Nxd5 dxe5 18.Qxc8 Qxd5 19.Qc3 e4 20.Ne5 Ba6 21.Bf4 Nxa1 22.Rxa1 f6
23.Ng4 Rd8 24.Ne3 Qxd4 25.Qxd4 Rxd4 26.Nf5 Rd7 27.Nxe7+ Rxe7 28.Rc1 g5 29.Rc7 Rxc7
30.Bxc7 Be2 31.Bg3 Kf7 32.h4 h6 33.hxg5 hxg5 34.Bb8 a6 35.Bc7 Kg6 36.Bd8 f5
37.g3 Kh5 38.Kg2 Kg4 39.Ba5 Bf3+ 40.Kf1 f4  1/2-1/2

[Event "Autumn-1"]
[Site "Alushta UKR"]
[Date "2008.09.04"]
[Round "3"]
[White "Milutin,R"]
[Black "Chernoukhov,A"]
[Result "1/2-1/2"]
[WhiteElo "2244"]
[BlackElo "1954"]

1.e4 c5 2.c3 Nf6 3.e5 Nd5 4.d4 cxd4 5.Nf3 Nc6 6.cxd4 d6 7.Bc4 dxe5 8.dxe5 e6
9.O-O Be7 10.Qe2 Nb6 11.Rd1 Qc7 12.Bb3 h6 13.Nc3 a6 14.Bf4 Bd7 15.Rac1 Rd8
16.Ne4 Qb8 17.Qe3 Qa7 18.a3 Nc8 19.Qc3 Qa8 20.Bc2 a5 21.Rd2 a4 22.Nc5 Nb6
23.Nxd7 Rxd7 24.Rxd7 Kxd7 25.Rd1+ Kc7 26.Nd4 Nd5 27.Qg3 Nxf4 28.Qxf4 Rf8
29.Bxa4 g5 30.Qe4 Nxd4 31.Qxd4 Rd8 32.Rc1+ Kb8 33.Qe4 Qa5 34.g3 Rd5 35.Rd1 Rxe5
36.Qd4 Re1+ 37.Rxe1 Qxe1+ 38.Kg2 Qa5 39.Bb3 Kc7 40.h3 Qb6 41.Qd3 Qc6+ 42.Kh2 f5
43.Qe2 Kd7 44.Qd3+ Bd6 45.Qd4 e5  1/2-1/2

[Event "61st ch-RUS HL"]
[Site "Novokuznetsk RUS"]
[Date "2008.09.04"]
[Round "2"]
[White "Deviatkin,A"]
[Black "Klimov,A"]
[Result "1-0"]
[WhiteElo "2567"]
[BlackElo "2423"]

1.e4 c5 2.c3 Nf6 3.e5 Nd5 4.d4 cxd4 5.Qxd4 e6 6.Bd3 Nc6 7.Qe4 d6 8.exd6 Bxd6
9.Nf3 Nf6 10.Qh4 O-O 11.Bc2 Ne7 12.O-O Ng6 13.Bxg6 hxg6 14.Bg5 b6 15.Nbd2 Bb7
16.Rad1 Qe7 17.Rfe1 Rad8 18.Nd4 Ba8 19.N2f3 Bb8 20.Ne5 Rd5 21.Ndf3 Rxd1 22.Rxd1 Rd8
23.Rxd8+ Qxd8 24.Qh8+ Kxh8 25.Nxf7+ Kg8 26.Nxd8 Bd5 27.Nd4 e5 28.N4c6 Bd6
29.Nxa7 Bxa2 30.Nb5 Bc5 31.b4 Bxf2+ 32.Kxf2 Ne4+ 33.Ke3 Nxg5 34.Nc6 Nf7 35.Ne7+ Kf8
36.Nxg6+ Ke8 37.Nh4 Kd7 38.Nf5 g6 39.Ng3 Kc6 40.Na3 Nd6 41.Ne4 Nf5+ 42.Kd3 b5
43.g3 Kd5 44.Nf6+ Ke6 45.Ng4 Nd6 46.Ne3 g5 47.c4 bxc4+ 48.Nexc4 Bxc4+ 49.Nxc4 Nb5
50.Nd2 Nd4 51.Kc4 g4 52.b5 Kd7 53.Ne4 Nf3 54.Nf6+ Kd6 55.Nxg4 e4 56.h4 Nd2+
57.Kb4 Nf1 58.h5 e3 59.Nxe3 Nxe3 60.h6 Nd5+ 61.Ka5  1-0

[Event "17th CRO-chT 1a"]
[Site "Sibenik CRO"]
[Date "2008.09.04"]
[Round "8"]
[White "Stevic,H"]
[Black "Ruck,R1"]
[Result "1/2-1/2"]
[WhiteElo "2588"]
[BlackElo "2574"]

1.e4 c5 2.c3 Nf6 3.e5 Nd5 4.d4 cxd4 5.Nf3 e6 6.cxd4 d6 7.Bc4 Nb6 8.Bd3 Nc6
9.O-O Nb4 10.Be2 dxe5 11.Nxe5 Nc6 12.Nxc6 bxc6 13.Bf4 Be7 14.Nc3 O-O 15.Be5 Nd7
16.Bg3 Qb6 17.Na4 Qa5 18.Rb1 Nb6 19.Nc5 Bxc5 20.dxc5 Nd5 21.Bd6  1/2-1/2

[Event "SuperLiga-ROM"]
[Site "Eforie Nord ROM"]
[Date "2008.09.05"]
[Round "5"]
[White "Cartas,O"]
[Black "Georgescu,T"]
[Result "1/2-1/2"]
[WhiteElo "2195"]
[BlackElo "2442"]

1.e4 c5 2.c3 Nf6 3.e5 Nd5 4.d4 cxd4 5.Nf3 e6 6.cxd4 d6 7.Bc4 Nc6 8.O-O Be7
9.Qe2 O-O 10.Nc3 Nxc3 11.bxc3 Bd7 12.Bd3 dxe5 13.dxe5 Qc7 14.Re1 Rfd8 15.Bg5 Be8
16.Qe4 g6 17.Rad1 Rd5 18.c4 Rc5 19.Bf6 Rd8 20.Qe3 Rc8 21.Qh6 Bf8 22.Qh3 h6  1/2-1/2

[Event "17th CRO-chT 1a"]
[Site "Sibenik CRO"]
[Date "2008.09.05"]
[Round "9"]
[White "Sermek,D"]
[Black "Komljenovic,D"]
[Result "1-0"]
[WhiteElo "2509"]
[BlackElo "2452"]

1.e4 c5 2.c3 Nf6 3.e5 Nd5 4.Nf3 Nc6 5.Bc4 e6 6.d4 cxd4 7.cxd4 d6 8.O-O Be7
9.Qe2 O-O 10.Qe4 Bd7 11.Re1 Rc8 12.a3 Na5 13.Ba2 Ba4 14.Qg4 Bc2 15.Bxd5 exd5
16.Nc3 Nb3 17.Nxd5 Rc6 18.Bh6 Bg6 19.Nxe7+ Qxe7 20.Bg5 Qe6 21.Qxe6 fxe6 22.Rad1 d5
23.Re3 h6 24.Be7 Rfc8 25.Bb4 Bc2 26.Rde1 Rc4 27.Rc3 a5 28.Rxc4 Rxc4 29.Bc3 b5
30.Nd2 Nxd2 31.Bxd2 b4 32.Rc1 bxa3 33.bxa3 a4 34.f3 Bd3 35.Bc3 Kf7 36.Kf2 h5
37.Ke3 Bf5 38.Kf4 Kg6 39.h4 Kh6 40.g3 Rc8 41.Ke3 g5 42.Ke2 Rc4 43.Bd2 Rxc1
44.Bxc1 Kg6 45.Bxg5 Bc2 46.Kd2 Bb3 47.g4 Bc4 48.Be3 Bb3 49.Kc3 Bd1 50.Kb4 Bc2
51.Kc5 Bd1 52.gxh5+ Kf7 53.Kb5 Bxf3 54.Kxa4 Bxh5 55.Kb5 Be2+ 56.Kb4 Kg6 57.a4 Kf5
58.Kc5 Ke4 59.Bg1 Kf4 60.a5  1-0

[Event "FSIMA September"]
[Site "Budapest HUN"]
[Date "2008.09.06"]
[Round "1"]
[White "Lyell,M"]
[Black "Perez Aleman,P"]
[Result "1-0"]
[WhiteElo "2232"]
[BlackElo "2210"]

1.e4 c5 2.c3 Nf6 3.e5 Nd5 4.Nf3 Nc6 5.d4 cxd4 6.cxd4 d6 7.Bc4 dxe5 8.Nxe5 e6
9.O-O Be7 10.Qf3 O-O 11.Rd1 Bf6 12.Nxc6 bxc6 13.Nc3 Qb6 14.Na4 Qb4 15.b3 e5
16.Bb2 exd4 17.Bxd4 Bxd4 18.Rxd4 Ba6 19.Rxd5 cxd5 20.Bxa6 Rae8 21.Qxd5 Qf4
22.Rd1 Re5 23.Qd2 Qxd2 24.Rxd2 Re1+ 25.Bf1 Rc1 26.g3 g6 27.Kg2 Re8 28.Rd7 Rf8
29.Rxa7 f5 30.Bc4+ Kh8 31.Nc5 f4 32.Ne6 f3+ 33.Kh3 Re8 34.Ng5 Rxc4 35.bxc4  1-0

[Event "TCh-FIN"]
[Site "Finland FIN"]
[Date "2008.09.06"]
[Round "1"]
[White "Ebeling,M"]
[Black "Fieandt,J"]
[Result "1/2-1/2"]
[WhiteElo "2332"]
[BlackElo "2174"]

1.e4 c5 2.c3 Nf6 3.e5 Nd5 4.d4 cxd4 5.Nf3 e6 6.cxd4 d6 7.Nc3 Bd7 8.Bd3 Bc6
9.O-O Nxc3 10.bxc3 Nd7 11.Bf4 dxe5 12.Nxe5 Nxe5 13.Bxe5 Qg5 14.f3 Be7 15.Qe2 O-O
16.f4 Qh6 17.Qg4 g6 18.Rae1 Rae8  1/2-1/2

[Event "DMP Ekstraliga"]
[Site "Karpacz POL"]
[Date "2008.09.06"]
[Round "1"]
[White "Kuzmicz,K"]
[Black "Czakon,J"]
[Result "1/2-1/2"]
[WhiteElo "2400"]
[BlackElo "2510"]

1.e4 c5 2.c3 Nf6 3.e5 Nd5 4.d4 cxd4 5.cxd4 d6 6.Nf3 Nc6 7.Bc4 Nb6 8.Bb5 dxe5
9.Nxe5 Bd7 10.Nxd7 Qxd7 11.Nc3 Rd8 12.O-O e6 13.Be3 a6 14.Bxc6 Qxc6 15.Qg4 Nd5
16.Nxd5 Qxd5 17.Rfc1 h5 18.Qd1 Bd6 19.Qa4+ Ke7 20.Rc3 Rd7 21.Rac1 Rhd8 22.h3 Kf8
23.Rc8 Kg8 24.Kf1 Kh7 25.Qc2+ g6 26.Qc4 Qxc4+ 27.R1xc4 Rxc8 28.Rxc8 Kg7 29.Ke2 Kf6
30.g4  1/2-1/2

[Event "5th LGA Premium Cup"]
[Site "Nuernberg GER"]
[Date "2008.09.06"]
[Round "4"]
[White "Eppinger,G"]
[Black "Eibl,M"]
[Result "1/2-1/2"]
[WhiteElo "2229"]
[BlackElo "2061"]

1.e4 c5 2.c3 Nf6 3.e5 Nd5 4.d4 cxd4 5.Nf3 Nc6 6.cxd4 d6 7.Bc4 Nb6 8.Bb5 d5
9.h3 Bf5 10.O-O e6 11.Nc3 Be7 12.a3 O-O 13.Bf4 Na5 14.Bd3 Bxd3 15.Qxd3 Rc8
16.Nd2 Nac4 17.Nxc4  1/2-1/2

[Event "Masters"]
[Site "Trieste ITA"]
[Date "2008.09.06"]
[Round "8"]
[White "Mufic,Go"]
[Black "Simutowe,A"]
[Result "0-1"]
[WhiteElo "2298"]
[BlackElo "2459"]

1.e4 c5 2.c3 Nf6 3.e5 Nd5 4.d4 cxd4 5.Qxd4 e6 6.Nf3 Nc6 7.Qe4 d6 8.Nbd2 dxe5
9.Nxe5 Nxe5 10.Qxe5 Bd7 11.Be2 Bc6 12.Bf3 Qd7 13.Nc4 Rc8 14.Ne3 Nf6 15.Bxc6 Qxc6
16.O-O Bd6 17.Qg5 O-O 18.c4 Ne4 19.Qh4 f5 20.f3 Nc5 21.Rd1 Be5 22.Rb1 Qa4
23.Bd2 Qxa2 24.b4 Nb3 25.Be1 f4 26.Ng4 Bd4+ 27.Bf2 Rc7 28.Qg5 Qc2 29.c5 Rd7
30.h4 h5 31.Qxh5 Rd5 32.Nh6+ gxh6 33.Qg4+ Kh7 34.Qxe6 Qxf2+ 35.Kh1 Rg8  0-1

[Event "I Liga Seniorow"]
[Site "Ustron POL"]
[Date "2008.09.06"]
[Round "1"]
[White "Dudzinski,Pi"]
[Black "Przybylski,W"]
[Result "1-0"]
[WhiteElo "2303"]
[BlackElo "2363"]

1.e4 c5 2.c3 Nf6 3.e5 Nd5 4.d4 cxd4 5.cxd4 d6 6.exd6 e6 7.Nc3 Bxd6 8.Nf3 Nxc3
9.bxc3 Qc7 10.Bd2 Nd7 11.Bd3 b6 12.O-O Bb7 13.h3 O-O 14.Re1 Rfe8 15.Ng5 Nf6
16.Qc2 g6 17.a4 Nd5 18.Ne4 Be7 19.c4 Nf4 20.Bf1 Rad8 21.Qc3 f5 22.Qg3 e5
23.Nc3 Bf6 24.Nb5 Qb8 25.Qb3 Ne6 26.c5 Bd5 27.Bc4 Bxc4 28.Qxc4 bxc5 29.Ba5 Rxd4
30.Nxd4 cxd4 31.Rab1 Qa8 32.Bd2 Kf7 33.Rec1 Re7 34.Qa6 e4 35.Rc6 Be5 36.Qc4 Qd8
37.Rb5 Bf6 38.Rc8 Qd7 39.Rbb8 g5 40.Rg8 Bg7 41.Bxg5 Qc7 42.Qa2 e3 43.Rgc8 Qa5
44.Rc1 Rc7 45.Rf1 e2 46.Qxe2 Nxg5 47.Qe8+ Kf6 48.Qd8+ Kg6 49.Rb5 Qc3 50.h4 Nf7
51.Qe8 Qc6 52.Qe2 h5 53.Qd3 Nh6 54.Re1 Qc2 55.Qg3+ Kh7 56.Rd5 Qc3 57.f3 Rb7
58.Kh2 Rb6 59.Re7 Rg6 60.Qf2 d3 61.Red7 Kh8 62.Rd8+ Ng8 63.Rxd3 Qc7+ 64.Kh1 Be5
65.Qe3 Qe7 66.Qe1 Qf6 67.Re8 Bg3 68.Qc3 Qxc3 69.Rxc3 Rd6 70.Rc1 Bxh4 71.Rcc8 Rg6
72.Ra8 Bf2 73.Rf8 Rg5 74.g4 fxg4 75.fxg4 Bc5 76.Rf5 Rxf5 77.gxf5 Kg7 78.Rc8 Bb6
79.Rc6 Nf6 80.Kg2 Bd4 81.Rd6 Be5 82.Re6 Bd4 83.Rd6 Bb6 84.Kf3 Kf7 85.Re6 Bg1
86.a5 h4 87.Re1 Bh2 88.Rb1 Kf8 89.Rb7 Bg1 90.Kg2 Bc5 91.Kh3 Bf2 92.Rb2 Be1
93.Rb8+ Ne8 94.Ra8 Bf2 95.Kg2 Be3 96.Kh3 Kf7 97.Kxh4 Nd6 98.Kg4 Nc4 99.Kf3 Bg1
100.Kg2 Bd4 101.Rd8 Be3 102.Kf3 Bg1 103.Rd1 Be3 104.Rd7+ Kf6 105.Rc7 Kxf5
106.Rxc4 Bg1 107.Re4 Bc5 108.Re8 Bb4 109.Rb8 Bc3 110.Rc8 Bb4 111.Rc7 a6 112.Rc4 Be7
113.Rc6 Ke5 114.Rxa6 Kd5 115.Rb6 Bd8 116.Rb5+ Kc6 117.a6 Bb6 118.Rb1 Kc7
119.Ke4 Kc6 120.Rc1+ Kb5 121.Kd5 Kxa6 122.Kc6 Bd4 123.Rc4 Bb6 124.Ra4+ Ba5
125.Ra2  1-0

[Event "I Liga Seniorow"]
[Site "Ustron POL"]
[Date "2008.09.06"]
[Round "1"]
[White "Rutkowski,M"]
[Black "Moranda,W"]
[Result "0-1"]
[WhiteElo "2380"]
[BlackElo "2533"]

1.e4 c5 2.c3 Nf6 3.e5 Nd5 4.Nf3 Nc6 5.d4 cxd4 6.cxd4 d6 7.Bc4 Nb6 8.Bb5 d5
9.h3 Bf5 10.Nc3 e6 11.O-O Be7 12.Be3 Rc8 13.Rc1 O-O 14.Be2 a6 15.a3 Na5 16.Nd2 Nac4
17.Nxc4 Nxc4 18.Bxc4 Rxc4 19.Nb1 Qd7 20.Rxc4 dxc4 21.Nc3 Bd3 22.Re1 b5 23.Qg4 Qc6
24.f3 Bg6 25.Ne4 a5 26.Bg5 f6 27.exf6 gxf6 28.Bh6 f5 29.Qf4 fxe4 30.Bxf8 Bxf8
31.fxe4 Qd7 32.Rd1 b4 33.axb4 axb4 34.Kh1 c3 35.bxc3 bxc3 36.Rf1 Qc8 37.h4 c2
38.d5 Ba3 39.d6 c1=Q 40.Rxc1 Bxc1 41.d7 Qxd7 42.Qxc1 Bxe4  0-1

[Event "Liga Nacional Ajedrez"]
[Site "Villa Martelli ARG"]
[Date "2008.09.06"]
[Round "5"]
[White "Tovillas,D"]
[Black "Obregon,A"]
[Result "1-0"]
[WhiteElo "2282"]
[BlackElo "2399"]

1.e4 c5 2.c3 Nf6 3.e5 Nd5 4.d4 cxd4 5.Bc4 Nb6 6.Bb3 e6 7.Nf3 d6 8.O-O Bd7
9.exd6 Bc6 10.Nxd4 Bxd6 11.Qg4 O-O 12.Bg5 Be7 13.Nxe6 Bxg5 14.Nxd8 Bxd8 15.Nd2 N8d7
16.Rfe1 g6 17.Ne4 Nf6 18.Nxf6+ Bxf6 19.Rad1 Kg7 20.Rd6 Rfe8 21.Rxe8 Rxe8
22.Qd1 Nc8 23.Rxf6 Kxf6 24.Qd4+ Ke7 25.h4 f6 26.h5 a6 27.Qe3+ Kd7 28.Qh6 gxh5
29.Qxh7+ Re7 30.Qf5+ Kc7 31.Qxf6 Re1+ 32.Kh2 Nd6 33.f3 Re2 34.Kg3 Bd7 35.Kh2 Nf5
36.Bc4 Rxb2 37.Be6 Bxe6 38.Qxe6 Nd6 39.f4 Rb5 40.Qe7+ Kc6 41.g3 Rc5 42.Qe3 a5
43.Qd3 b6 44.Kh3 Nf5 45.Qf3+ Kb5 46.Qxh5 Ka4 47.Qd1+ Kb5 48.Qd3+ Kc6 49.g4 Nd6
50.g5 Rf5 51.Kg4 Rf8 52.c4 Kc7 53.Qd5  1-0

[Event "TCh-ESP Hon Gp1"]
[Site "Cala Mayor ESP"]
[Date "2008.09.07"]
[Round "5"]
[White "Mamedov,Rau"]
[Black "Avrukh,B"]
[Result "1/2-1/2"]
[WhiteElo "2627"]
[BlackElo "2656"]

1.e4 c5 2.c3 Nf6 3.e5 Nd5 4.d4 cxd4 5.cxd4 d6 6.Nf3 Nc6 7.exd6 Qxd6 8.Nc3 Bg4
9.Be2 e6 10.O-O Be7 11.Be3 O-O 12.Qb3 Rfd8 13.Rac1 Rab8 14.Rfd1 Nf4 15.Bxf4 Qxf4
16.d5 Bxf3 17.Bxf3 Nd4 18.Rxd4 Qxc1+ 19.Rd1 Qh6 20.Re1 e5 21.g3 Bd6 22.Qc2 Rbc8
23.Kg2 Bb4 24.Rxe5 Bxc3 25.bxc3 Qf6 26.Re3 g6 27.c4 Rc5 28.Qe2 Kf8 29.Re4 Rc7
30.h4 h5 31.Qe3 b6 32.Qh6+ Qg7 33.Qf4 Rcd7  1/2-1/2